ক্রোচের নন্দনতত্ত্ব / (Record no. 2580)
[ view plain ]
| 000 -LEADER | |
|---|---|
| fixed length control field | 00958nam a22002297a 4500 |
| 003 - CONTROL NUMBER IDENTIFIER | |
| control field | BD-DhJNU |
| 005 - DATE AND TIME OF LATEST TRANSACTION | |
| control field | 20260128035641.0 |
| 008 - FIXED-LENGTH DATA ELEMENTS--GENERAL INFORMATION | |
| fixed length control field | 260128b |||||||| |||| 00| 0 eng d |
| 020 ## - INTERNATIONAL STANDARD BOOK NUMBER | |
| International Standard Book Number | 8124705550 |
| 040 ## - CATALOGING SOURCE | |
| Original cataloging agency | BD-DhJNU |
| Language of cataloging | ENG |
| Transcribing agency | BD-DhJNU |
| Modifying agency | BD-DhJNU |
| 082 ## - DEWEY DECIMAL CLASSIFICATION NUMBER | |
| Edition number | 23 |
| Classification number | 801.93 NNT |
| 100 ## - MAIN ENTRY--PERSONAL NAME | |
| Personal name | নন্দী, সুধীর কুমার |
| 242 ## - TRANSLATION OF TITLE BY CATALOGING AGENCY | |
| Title | Croce's Aesthetics / |
| Statement of responsibility, etc. | Sudhir Kumar Nandi |
| 245 ## - TITLE STATEMENT | |
| Title | ক্রোচের নন্দনতত্ত্ব / |
| Statement of responsibility, etc. | সুধীর কুমার নন্দী |
| 246 ## - VARYING FORM OF TITLE | |
| Title proper/short title | Krocer nndntottw |
| 260 ## - PUBLICATION, DISTRIBUTION, ETC. | |
| Place of publication, distribution, etc. | কলিকাতা : |
| Name of publisher, distributor, etc. | পশ্চিমবঙ্গ রাজ্য পুস্তক পর্ষৎ, |
| Date of publication, distribution, etc. | 2006. |
| 300 ## - PHYSICAL DESCRIPTION | |
| Extent | ৫৬৩ পৃ. : |
| Other physical details | চিত্র ; |
| Dimensions | ২২ সেমি.। |
| 504 ## - BIBLIOGRAPHY, ETC. NOTE | |
| Bibliography, etc. note | গ্রন্থপঞ্জি ও ণির্ঘন্ট সংযুক্ত |
| 650 ## - SUBJECT ADDED ENTRY--TOPICAL TERM | |
| Topical term or geographic name entry element | নন্দনতত্ব |
| 650 ## - SUBJECT ADDED ENTRY--TOPICAL TERM | |
| Topical term or geographic name entry element | Aesthetics |
| 942 ## - ADDED ENTRY ELEMENTS (KOHA) | |
| Source of classification or shelving scheme | Dewey Decimal Classification |
| Koha item type | Books |
| Suppress in OPAC | No |
| Withdrawn status | Lost status | Source of classification or shelving scheme | Damaged status | Not for loan | Collection | Home library | Current library | Shelving location | Date acquired | Source of acquisition | Total checkouts | Full call number | Barcode | Date last seen | Copy number | Price effective from | Koha item type |
|---|---|---|---|---|---|---|---|---|---|---|---|---|---|---|---|---|---|
| Dewey Decimal Classification | Non-fiction | Jagannath University Central Library | Jagannath University Central Library | General stacks | 01/28/2026 | Purchased | 801.93 NNT | JNUCL36189 | 01/28/2026 | 1 | 01/28/2026 | Books |